| 000 | 01134cam a2200349 a 4500 | ||
|---|---|---|---|
| 003 | CHAP | ||
| 005 | 20220817043557.0 | ||
| 008 | 990831d1999 mx r 00010 spa d | ||
| 010 | _a78923 | ||
| 011 | _a79895 | ||
| 020 | _a968729325X | ||
| 035 | _a90312 | ||
| 040 | _cCHAP | ||
| 082 | 0 | 4 |
_a658.561 _bP7 |
| 100 | 0 | 0 |
_aPries, Ludger _ecoord. _991599 |
| 245 | 1 | 0 |
_aGlobalización y cambios en las relaciones industriales _c/coord. por Ludger Pries y Enrique de la Garza |
| 260 |
_aMéxico, D.F. : _bRayuela, _c1999. |
||
| 300 | _a303 p. | ||
| 590 |
_aBATCH-UPD _b10 _c20130110 _lUCH01 _h0112 |
||
| 590 |
_aBATCH-UPD _b10 _c20130110 _lUCH01 _h1254 |
||
| 590 |
_aBATCH-UPD _b10 _c20130410 _lUCH01 _h0815 |
||
| 590 |
_aBATCH-UPD _b10 _c20130914 _lUCH01 _h1545 |
||
| 590 |
_aCONVERSION _b10 _c20130109 _lUCH01 _h1344 |
||
| 650 | 1 | 4 |
_aGlobalización. _948300 |
| 650 | 1 | 4 |
_aRelaciones industriales. _995817 |
| 650 | 1 | 4 | _aTrabajo y trabajadores. |
| 700 | 0 |
_aGarza, Enrique de la _ecoord. _947174 |
|
| 901 | _aBK | ||
| 905 | _aBlanca M. García O. | ||
| 942 | _cLIBRO | ||
| 949 |
_a658.561 P7 _bBC _cLIBRO _d33724000736765 _eLIBRO _h96211 _i90312 _si |
||
| 999 |
_c78923 _d78923 |
||